| 000 | 01428nam a2200349 i 4500 | ||
|---|---|---|---|
| 003 | DO-SdBNP | ||
| 005 | 20250122110129.0 | ||
| 007 | ta | ||
| 008 | 230920b2021 dr c|||| |||| 00| 0 spa d | ||
| 020 | _a9789945934243 | ||
| 040 |
_aDO-SdBNP _bspa _cBNPHU _erda |
||
| 082 | 4 |
_a920.72 _bH519c, 2021 _222 |
|
| 100 | 1 |
_aCordero, Margarita _eautora _939 |
|
| 245 | 1 | 0 |
_aYadira Henríquez Núñez / _cMargarita Cordero ; revisión, Aimara Vera ; edición, Carolina Acuña ; presentación, Mayra Jiménez |
| 264 |
_aSanto Domingo : _bMinisterio de la Mujer, _c2021. |
||
| 300 |
_a107 páginas : _bilustraciones, retratos ; _c23 cm. |
||
| 336 |
_2rdacontent _atexto _btxt |
||
| 337 |
_2rdamedia _asin mediación _bn |
||
| 338 |
_2rdacarrier _avolumen _bnc |
||
| 490 | 0 | _aBiografías Medalla al Mérito de la Mujer Dominicana 2021 | |
| 500 | _aIncluye datos biográficos de la autora en la solapa de la contracubierta | ||
| 586 | _aMedalla al Mérito de la Mujer Dominicana. Categoría: Política | ||
| 590 | _aInventariado, 2023/BT | ||
| 600 | 1 | 4 |
_aHenríquez Núñez, Yadira, _d1959- _984238 |
| 650 | 4 |
_aMujeres dominicanas _vBiografías _981319 |
|
| 651 | 4 |
_aRepública Dominicana _vBiografías _91083 |
|
| 700 | 1 |
_aVera, Aimara, _erevisión _977925 |
|
| 700 | 1 |
_aAcuña, Carolina, _eedición _983732 |
|
| 700 | 1 |
_aJiménez, Mayra, _epresentación _984062 |
|
| 910 | _aBtavárez/Validado. Control de calidad MFF | ||
| 942 |
_2ddc _cLBS1 |
||
| 999 |
_c54871 _d54871 |
||